000 01006nam a2200289 c 4500
003 BLK
005 20180420220315.0
008 180407b bul|||||r ||||||| ||bul||
010 _aKNG00032130000
020 _a954-8409-07-0
_bиздат.: Цвят
040 _aBLK
041 _aBUL
_cBUL
080 _aБългарска литература
_b821.163.2
_x-32
_z821.163.2-32
100 1 _aБенишева, Алекса
_eпърви автор
_9257934
139 _aБенишева, Алекса
_bБ 37
245 1 0 _aКогато градският часовник бие...
_cАлекса Бенишева.
257 _aBGR
260 София
_bЦвят
_c2000
300 _a199 с.
_c20 см
380 _aX
500 _aАлекса Бенишева - псевд. на Лиляна Александрова. - 300 тир.
852 _aЦб 204552
856 4 _qpdf
_u
856 4 _qpdf
_u
942 _cKNG
_n0
944 _aCR
_c15.01.2003
_kНаталия_Медовщикова
944 _aED
_c27.06.2012
_k
999 _c29513
_d29513